PRACTICAL PHARMACOGNOSY (Record no. 5994)

MARC details
000 -LEADER
fixed length control field 00449nam a22001817a 4500
005 - DATE AND TIME OF LATEST TRANSACTION
control field 20230121143859.0
008 - FIXED-LENGTH DATA ELEMENTS--GENERAL INFORMATION
fixed length control field 190911b xxu||||| |||| 00| 0 eng d
020 ## - INTERNATIONAL STANDARD BOOK NUMBER
ISBN 978-93-81075-02-9
041 ## - LANGUAGE CODE
Language code of text/sound track or separate title eng
082 ## - DEWEY DECIMAL CLASSIFICATION NUMBER
Classification number 615.3
Item number WAL-P
100 ## - MAIN ENTRY--AUTHOR NAME
Personal name WALLIS , T.E.
245 ## - TITLE STATEMENT
Title PRACTICAL PHARMACOGNOSY
250 ## - EDITION STATEMENT
Edition statement 4th ed.
260 ## - PUBLICATION, DISTRIBUTION, ETC. (IMPRINT)
Place of publication HYDERABAD
Name of publisher PHARMAMED PRESS
Year of publication 2011
300 ## - PHYSICAL DESCRIPTION
Number of Pages 235p,
650 ## - SUBJECT ADDED ENTRY--TOPICAL TERM
Topical Term PHARMACY
General subdivision B.PHARMA
942 ## - ADDED ENTRY ELEMENTS (KOHA)
Koha item type Books
Holdings
Lost status Damaged status Collection code Home library Current library Shelving location Date acquired Source of acquisition Cost, normal purchase price Full call number Accession Number Koha item type
    Reference JRU Library JRU Library SHELF-4-E 11/09/2019 PURCHESS 295.00 615.3 WAL-P 23544 Books
    PHARMACY JRU Library JRU Library Shelf - 27- B 11/09/2019 PURCHESS 295.00 615.3 WAL-P 23545 Books
    PHARMACY JRU Library JRU Library Shelf - 27- B 11/09/2019 PURCHESS 295.00 615.3 WAL-P 23546 Books
    PHARMACY JRU Library JRU Library Shelf - 27- B 11/09/2019 PURCHESS 295.00 615.3 WAL-P 23547 Books
    PHARMACY JRU Library JRU Library Shelf - 27- B 15/02/2022 lPURCHESS 295.00 615.3 WAL-P 26377 Books
    PHARMACY JRU Library JRU Library Shelf - 27- B 15/02/2022 lPURCHESS 295.00 615.3 WAL-P 26378 Books
    PHARMACY JRU Library JRU Library Shelf - 27- B 15/02/2022 lPURCHESS 295.00 615.3 WAL-P 26379 Books
    PHARMACY JRU Library JRU Library Shelf - 27- B 15/02/2022 lPURCHESS 295.00 615.19 26380 Books
    PHARMACY JRU Library JRU Library Shelf - 27- B 15/02/2022 lPURCHESS 295.00 615.3 WAL-P 26381 Books
    PHARMACY JRU Library JRU Library Shelf - 27- B 15/02/2022 lPURCHESS 295.00 615.3 WAL-P 26382 Books
    PHARMACY JRU Library JRU Library Shelf - 27- B 15/02/2022 lPURCHESS 295.00 615.3 WAL-P 26383 Books
    PHARMACY JRU Library JRU Library Shelf - 27- B 15/02/2022 lPURCHESS 295.00 615.3 WAL-P 26384 Books
    PHARMACY JRU Library JRU Library Shelf - 27- B 15/02/2022 lPURCHESS 295.00 615.3 WAL-P 26385 Books
    PHARMACY JRU Library JRU Library Shelf - 27- B 15/02/2022 lPURCHESS 295.00 615.3 WAL-P 26386 Books